The case of Messieurs Ralph and Joseph Gulston, and others, in relation to a debt of Edward Gibbon Esq.

Bibliographic Details
Main Authors: Gulston, Ralph, -1739, Gulston, Joseph, approximately 1694-1766 (Author)
Format: eBook
Language:English
Published: [London], [publisher not identified] ; [1726?]
Series:Eighteenth century collections online.
Online Access:Full text online

MARC

Tag First Indicator Second Indicator Subfields
LEADER 00000cam a2200000 4500
001 in00001865721
006 m | d |
007 cr |n||||||||n
008 790217s1726 enk|||| s 00||||eng d
005 20260414170536.0
035 |a (CStRLIN)ESTCT16373 
040 |a Uk-ES  |c Uk-ES  |d Cu-RivES  |d CStRLIN  |d Thomson Gale  |d UtOrBLW 
100 1 |a Gulston, Ralph,  |d -1739. 
245 1 4 |a The case of Messieurs Ralph and Joseph Gulston, and others, in relation to a debt of Edward Gibbon Esq. 
264 1 |a [London],  |b [publisher not identified] ;  |c [1726?] 
300 |a 3, 1 unnumbered page ;  |c 2⁰. 
336 |a text  |b txt  |2 rdacontent 
337 |a computer  |b c  |2 rdamedia 
338 |a online resource  |b cr  |2 rdacarrier 
500 |a With a docket title. 
500 |a Drop-head title. 
500 |a Reproduction of original from the University of London's Goldsmiths' Library. 
510 4 |a Goldsmiths',  |c 6535 
510 4 |a Hanson,  |c 3732 
510 4 |a English Short Title Catalog,  |c ESTCT16373. 
533 |a Electronic reproduction.  |b Farmington Hills, Mich. :  |c Thomson Gale,  |d 2003.  |n Available via the World Wide Web.  |n Access limited by licensing agreements  |7 s2003 miunns 
500 |a Electronic resource. 
700 1 |a Gulston, Joseph,  |d approximately 1694-1766,  |e author. 
830 0 |a Eighteenth century collections online. 
856 4 0 |u http://proxy.library.tamu.edu/login?url=https://galenet.galegroup.com/servlet/ECCO?c=1&stp=Author&ste=11&af=BN&ae=T016373&tiPG=1&dd=0&dc=flc&docNum=CW106702804&vrsn=1.0&srchtp=a&d4=0.33&n=10&SU=0LRL+OR+0LRI&locID=txshracd2898  |z Full text online  |t 0 
999 |a MARS 
999 f f |s 5ab11419-4ec3-302d-9aa6-003cf66971eb  |i 9284c03e-739e-3b4d-b8fd-f8752b2e2f96  |t 0 
952 f f |a Texas A&M University  |b College Station  |c Electronic Resources  |s www_evans  |d Available Online  |t 0  |h No information provided 
998 f f |t 0  |l Available Online